000 00826nam a2200313 a 4500
999 _c490137
_d490137
003 BLK
005 20230817150629.0
008 180408b bul|||||r ||||||| ||bul||
020 _a9789896600006
040 _aBLK
041 _aPOR
_cDRU
080 _aПортугалска литература
_b821.134.3
_x-31
_z821.134.3-31
100 _aPedrosa, Inés
_eпърви автор
_9487095
139 _aPedrosa, Inés
_bP 36
245 1 0 _aNas tuas mãos
_cInés Pedrosa
260 _aAlfragide
_bLeya-Bis
_c2015
_9487089
300 _a207 с.
_c19 см
380 _aX
856 _i0.00
_ldisable
942 _cKNG
_n0
_0512
_s1
944 _aCR
_c2023-03-24
_k30575
_lМартин Енчев
999 _d490137
999 _d490133
999 _d490089
999 _d490086
999 _d490072
999 _d490071
999 _d490066